Mico e as horas (Registo nº 3226)

Detalhes MARC
000 -Etiqueta do registo
Cabeçalho 00905nam a22003251 4500
005 - Identificador da versão
Campo de controlo 20240813121956.0
095 ## -
-- PTBN00201618
010 ## - Número internacional normalizado dos livros (ISBN)
Número (ISBN) 972472963X
021 ## - Número do Depósito Legal
Código do país PT
Número 234103/05
100 ## - Dados gerais de processamento
Dados gerais de processamento 20061023d2006 c y0pory5003 ba
102 ## - Pais de publicação ou produção
País de publicação Portugal
101 1# - Língua de publicação
Língua do texto, banda sonora, etc. Português
Língua do documento no original Inglês
106 ## - Campo de dados codificados: material textual
Dados codificados do material textual r
105 ## - Campo de dados codificados: livros
Dados codificados dos livros a z 000fy
215 ## - Descrição física 
Indicação específica da natureza do documento e extensão da espécie 24 p.
Outras indicações físicas il.
Dimensões 25 cm
200 1# - Titulo e menção de responsabilidade
Título próprio Mico e as horas
Primeira menção de responsabilidade Wendy Body
Outras menções de responsabilidade il. Sanja Rescek
-- trad. Paula Almeida
225 2# - Colecção 
Título próprio da colecção Aprendendo palavras com os bicharocos
205 ## - Menção da edição
Menção da edição 1ª ed
210 ## - Publicação, Distribuição, etc. 
Lugar da edição, distribuição, etc. Lisboa
Nome do editor, distribuidor, etc. Texto
Data da publicação, distribuição, etc. 2006
304 ## - Notas relativas a título e menção de responsabilidade 
Texto da nota Tít. orig.: Minky's day
606 ## - Nome comum usado como assunto
Número de registo de entrada de autoridade 0000006
Palavra de ordem Literatura estrangeira infantil
675 ## - Classificação Decimal Universal (CDU)
Notação 82-93
Edição
Língua da edição por
702 #1 - Nome de autor-pessoa física (responsabilidade secundária)
Número de registo de entrada de autoridade 0002516
Palavra de ordem Rescek
Outra parte do nome não tomada para palavra de ordem Sanja
Código de função Ilustrador / Técnico de desenho computorizado
Número de registo de entrada de autoridade 0002517
Palavra de ordem Almeida
Outra parte do nome não tomada para palavra de ordem Paula
Código de função Tradutor
700 #1 - Nome de autor-pessoa física (responsabilidade principal)
Número de registo de entrada de autoridade 0002515
Palavra de ordem Body
Outra parte do nome não tomada para palavra de ordem Wendy
942 ## - Elementos de entrada adicionados (Koha)
Tipo de item no Koha Livro
Exemplares
Situação do levantamento Origin of item (home branch) (coded) Biblioteca de empréstimo Código de barras Cota Circulation type (not for loan) Tipo de documento Nota do exemplar Damaged status
  Biblioteca Escolar da Coca Maravilhas Biblioteca Escolar da Coca Maravilhas BECM7434/06 8EST BOD   Livro Sem mensagem